[Event "GRE-chT 45th"]
[Site "Achaia"]
[Date "2017.07.07"]
[Round "6.14"]
[White "Vasileiou, Ioannis"]
[Black "Santagati, Alessandro"]
[Result "0-1"]
[WhiteElo "1639"]
[BlackElo "2314"]
[PlyCount "76"]
[EventDate "2017.07.03"]
[EventType "team-swiss"]
[EventRounds "7"]
[EventCountry "GRE"]
[SourceTitle "CBM 179 Extra"]
[Source "ChessBase"]
[SourceDate "2017.08.23"]
[SourceVersion "1"]
[SourceVersionDate "2017.08.23"]
[SourceQuality "1"]
[WhiteTeam "Evoiki HS"]
[BlackTeam "Rhodes Knight"]
[WhiteTeamCountry "GRE"]
[BlackTeamCountry "GRE"]

1. c4 Nf6 2. Nc3 g6 3. g3 c5 4. Bg2 Bg7 5. Nf3 Nc6 6. 0-0 0-0 7. e4 Ne8 8. Ne1 Nc7 9. f4 a6 10. Nd3 b5 11. cxb5 axb5 12. e5 c4 13. Nf2 b4 14. Nce4 d5 15. exd6 exd6 16. d3 d5 17. Ng5 c3 18. Be3 cxb2 19. Rb1 Rxa2 20. Bc5 Re8 21. Qb3 Ra3 22. Qd1 Nb5 23. Qf3 Be6 24. Rfe1 Qa5 25. Qxd5 Ncd4 26. Nxe6 fxe6 27. Qd7 Rd8 28. Qe7 Bf8 29. Qg5 Nc3 30. Bxd4 Qxg5 31. fxg5 Nxb1 32. Bxb2 Nc3 33. Bh3 Bc5 34. Kg2 Bxf2 35. Kxf2 Ra6 36. Bxe6+ Rxe6 37. Bxc3 Rxe1 38. Bxe1 b3 0-1

[Event "GRE-chT 44th"]
[Site "Achaia"]
[Date "2016.07.10"]
[Round "7.17"]
[White "Makris, Xenophon"]
[Black "Vasileiou, Ioannis"]
[Result "1/2-1/2"]
[WhiteElo "1916"]
[BlackElo "1679"]
[PlyCount "64"]
[EventDate "2016.07.05"]
[EventType "team-swiss"]
[EventRounds "7"]
[EventCountry "GRE"]
[SourceTitle "CBM 173 Extra"]
[Source "ChessBase"]
[SourceDate "2016.08.29"]
[SourceVersion "1"]
[SourceVersionDate "2016.08.29"]
[SourceQuality "1"]
[WhiteTeam "Corfu SPZ"]
[BlackTeam "Evia HS"]
[WhiteTeamCountry "GRE"]
[BlackTeamCountry "GRE"]

1. e4 e5 2. Nf3 Nc6 3. Bb5 a6 4. Ba4 Nf6 5. d3 d6 6. 0-0 b5 7. Bb3 Na5 8. Nbd2 Be7 9. h3 0-0 10. a4 Nxb3 11. Nxb3 Bb7 12. Na5 Qc8 13. Bg5 h6 14. Bxf6 Bxf6 15. Qd2 Rb8 16. axb5 axb5 17. Nxb7 Qxb7 18. Ra5 Ra8 19. Rfa1 c5 20. R1a2 b4 21. Qe1 Rxa5 22. Rxa5 Ra8 23. Qa1 Rxa5 24. Qxa5 Be7 25. Qa4 Qc7 26. Qe8+ Bf8 27. Nd2 Qe7 28. Qa8 Qg5 29. Nc4 Qc1+ 30. Kh2 Qxc2 31. Nb6 Qxf2 32. Nd7 Qf4+ 1/2-1/2

[Event "GRE-chT 44th"]
[Site "Achaia"]
[Date "2016.07.09"]
[Round "6.17"]
[White "Vazelakis, Dimitrios"]
[Black "Vasileiou, Ioannis"]
[Result "1-0"]
[WhiteElo "1885"]
[BlackElo "1679"]
[PlyCount "71"]
[EventDate "2016.07.05"]
[EventType "team-swiss"]
[EventRounds "7"]
[EventCountry "GRE"]
[SourceTitle "CBM 173 Extra"]
[Source "ChessBase"]
[SourceDate "2016.08.29"]
[SourceVersion "1"]
[SourceVersionDate "2016.08.29"]
[SourceQuality "1"]
[WhiteTeam "New Filadelfeias"]
[BlackTeam "Evia HS"]
[WhiteTeamCountry "GRE"]
[BlackTeamCountry "GRE"]

1. c4 e5 2. g3 Nc6 3. Bg2 g6 4. Nc3 Bg7 5. e4 d6 6. Nge2 f5 7. d3 Nf6 8. 0-0 0-0 9. Nd5 Nxd5 10. cxd5 Ne7 11. Be3 h6 12. Qd2 Kh7 13. f4 fxe4 14. dxe4 Bd7 15. Rad1 Bb5 16. Rfe1 Bxe2 17. Rxe2 Ng8 18. Rc1 b6 19. fxe5 Bxe5 20. Bd4 Rf7 21. Bxe5 dxe5 22. Bh3 Nf6 23. Rc6 Ne8 24. Qc3 Qg5 25. Re6 Re7 26. Rxe7+ Qxe7 27. Be6 Qd6 28. Rf2 Ng7 29. Rf7 c5 30. Qf3 Qd8 31. Rd7 Qh8 32. Qf6 Rf8 33. Bf7 Rxf7 34. Qxf7 h5 35. d6 Kh6 36. Qxg7+ 1-0